000 00604nam a2200205Ii 4500
001 6521
003 CO-ViMGA
008 241108s9999||||xx |||||||||||||| ||und||
040 _aCO-ViMGA
_bspa
_erda
_cCO-ViMGA
041 0 _aunk
082 0 4 _aC863.44-S159l
100 1 _aRafael H. Salamanca
_956704
245 1 0 _aLos héroes de Watapana
264 1 _a[Lugar de publicación no identificado] : Tercer Mundo, 1990
300 _avolumen
336 _atext
_btxt
_2rdacontent
337 _aunmediated
_bn
_2rdamedia
338 _avolume
_bnc
_2rdacarrier
940 _aidficha_siabuc: 6372. -- ficha_no_siabuc:6521
999 _c54784
_d54784